| 000 | 00460nam a2200157 i 4500 | ||
|---|---|---|---|
| 001 | 99499 | ||
| 003 | ES-MaACL | ||
| 005 | 20230906182516.0 | ||
| 007 | t| | ||
| 008 | 050912s1930 cu ||||1| spa d | ||
| 100 | 1 |
_aMartínez, José Agustín. _977763 |
|
| 245 | 1 | 3 |
_aEl nuevo Código Penal del Extremo Oriente / _cpor el Dr. José Agustín Martínez. |
| 260 |
_aLa Habana : _bEl Derecho, _c1930. |
||
| 300 |
_a26 p. ; _c24 cm. |
||
| 852 |
_aES-MaACL _j1754-F-19 |
||
| 999 |
_c99499 _d99499 |
||